1122 1946 1478 1545 1874 1315 1616 1179 1521 1415 1027 1184 1324 1457 1900 1447 1140 1291 1600 1263 1163 1006 1986 1529 1665 1191 1082 1313 1340 1474 1054 1261 1314 1814 1389 1388 1656 1331 1581 1148 1804 1938 1716 1292 1020 1295 1688 1269 1109 1916 1161 1051 1699 1459 1242 1525 1947 1932 1713 1718 1990 1808 1569 1679 1159 1177 1899 1137 1612 1878 1204 1901 1866 1813 1056 1311 1543 1724 1194 1791 1998 1675 1197 1494 1409 1664 1775 1764 1397 1218 1107 1499 1649 1763 1625 1197 1522 1519 1684 BCNSPRNW ULIB Ver.6.0+V

เปลี่ยนเป็นภาษาไทย

Change to English
 แสดงรายละเอียดบรรณานุกรม
  กลับหน้าหลัก

Brief Record : Get Marc (ISO 2709) : E-mail record : QR code < ปิดหน้าต่าง
LEADER : 00000nam 2200000uu 4500
001    13399112014
003     ULIB
008    110722s2554||||th 000 0 tha d
020    9786165512336
060 04 QV737^bก459
245 00 การบริบาลผู้ป่วยไป-กลับ =^bAmbulatory pharmaceutical care/^cบรรณาธิการ, พรอนงค์ อร่ามวิทย์ และกิติยศ ยศสมบัติ
246 31 Ambulatory pharmaceutical care
250    พิมพ์ครั้งที่ 1
260    กรุงเทพฯ :^bคณะเภสัชศาสตร์ จุฬาลงกรณ์มหาวิทยาลัย,^c2554
300    356 หน้า ;^c26 ซม.
650    สารสนเทศทางการแพทย์
650  4 การบริบาลทางเภสัชกรรม
650  4 เภสัชกรรม^xบริการสารสนเทศ
650  4 ยา^xบริการสารสนเทศ
700 0  พรอนงค์ อร่ามวิทย์,^eบรรณาธิการ
700 0  กิติยศ ยศสมบัติ,^eบรรณาธิการ
710 2  จุฬาลงกรณ์มหาวิทยาลัย. ^bคณะเภสัชศาสตร์
945    ^p459^l0^i030370
945    ^p459^l0^i030371
945    ^p459^l0^i030372
945    ^p459^l0^i031133
945    ^p459^l0^i031134
945    ^p459^l0^i031135
995    เกษร
999 ^a ใช้งานได้ทุกระบบ
รายการนี้ยังไม่มีแท็ก
คุณยังไม่ได้ล็อกอิน คุณสามารถมีกิจกรรมร่วมกับเว็บไซต์ได้ แต่ต้องล็อกอินก่อน ::
  ล็อกอิน

รายการสื่อสารสนเทศ

ลำดับที่ ประเภท เลขเรียก/บาร์โค้ด สถานที่ สถานะ
1. วิทยาศาสตร์การแพทย์ และสุขภาพ
หนังสือสำรอง
สถานะ=หนังสือสำรอง
QV737 ก459 ฉ.1 
  Barcode: 030370
ห้องสมุดวิทยาเขตสวรรค์ประชารักษ์
►ส่วนจัดเก็บหนังสือเก่า สปร
บนชั้น
  ขอยืม
2. วิทยาศาสตร์การแพทย์ และสุขภาพ
วิทยาศาสตร์การแพทย์ และสุขภาพ
QV737 ก459 ฉ.2 
  Barcode: 030371
ห้องสมุดวิทยาเขตสวรรค์ประชารักษ์
►ส่วนจัดเก็บหนังสือเก่า สปร
บนชั้น
  ขอยืม
3. วิทยาศาสตร์การแพทย์ และสุขภาพ
วิทยาศาสตร์การแพทย์ และสุขภาพ
QV737 ก459 ฉ.3 
  Barcode: 030372
ห้องสมุดวิทยาเขตสวรรค์ประชารักษ์
►ส่วนจัดเก็บหนังสือเก่า สปร
บนชั้น
  ขอยืม
4. วิทยาศาสตร์การแพทย์ และสุขภาพ
วิทยาศาสตร์การแพทย์ และสุขภาพ
QV737 ก459 ฉ.4 
  Barcode: 031133
ห้องสมุดวิทยาเขตสวรรค์ประชารักษ์
►ส่วนจัดเก็บหนังสือเก่า สปร
บนชั้น
  ขอยืม
5. วิทยาศาสตร์การแพทย์ และสุขภาพ
วิทยาศาสตร์การแพทย์ และสุขภาพ
QV737 ก459 ฉ.5 
  Barcode: 031134
ห้องสมุดวิทยาเขตสวรรค์ประชารักษ์
►ส่วนจัดเก็บหนังสือเก่า สปร
บนชั้น
  ขอยืม
6. วิทยาศาสตร์การแพทย์ และสุขภาพ
วิทยาศาสตร์การแพทย์ และสุขภาพ
QV737 ก459 ฉ.6 
  Barcode: 031135
ห้องสมุดวิทยาเขตสวรรค์ประชารักษ์
►ส่วนจัดเก็บหนังสือเก่า สปร
บนชั้น
  ขอยืม

รายการใกล้เคียง
    หัวเรื่อง [สารสนเทศทางการแพทย์]
    หัวเรื่อง [การบริบาลทางเภสัชกรรม]

BibComment


ยังไม่เคยถูกคอมเมนท์

คอมเมนท์ทรัพยากรรายการนี้
  คอมเมนท์: การบริบาลผู้ป่วยไ..


 Copyright 2026. Bcnsprnw @Library